| 000 | 01423cam a2200361 a 4500 | ||
|---|---|---|---|
| 001 | 4046158 | ||
| 003 | OSt | ||
| 005 | 20231206110727.0 | ||
| 008 | 981210s1998 ii b 001 0 eng | ||
| 010 | _a 98909290 | ||
| 020 | _a0195643135 | ||
| 025 | _aI-E-98-909290; 61-92 | ||
| 037 |
_bLibrary of Congress -- New Delhi Field Office _cRs375.00 |
||
| 040 |
_aDLC _cDLC _dDLC |
||
| 042 | _alcode | ||
| 043 |
_aa-ii--- _aa-bg--- |
||
| 050 | 0 | 0 |
_aDS485.B49 _bH44 1998 |
| 082 | 0 | 0 |
_a322.4209541409041 _bHEE/N |
| 100 |
_aHeehs, Peter _92500 |
||
| 245 | 1 | 0 |
_aNationalism, terrorism, communalism : _bessays in modern Indian history / _cPeter Heehs. |
| 260 |
_aDelhi ; _aNew York : _bOxford University Press, _c1998. |
||
| 300 |
_ax, 174 p. ; _c22 cm. |
||
| 504 | _aIncludes bibliographical references and index. | ||
| 520 | _aWith special reference to Bengal; articles. | ||
| 650 | 0 |
_aNationalism _zIndia _zBengal. |
|
| 650 | 0 |
_aTerrorism _zIndia _zBengal. |
|
| 650 | 0 |
_aCommunalism _zIndia _zBengal. |
|
| 651 | 0 |
_aBengal (India) _xPolitics and government _y20th century. |
|
| 856 | 4 | 2 |
_3Publisher description _uhttp://www.loc.gov/catdir/enhancements/fy0606/98909290-d.html |
| 906 |
_a7 _bcbc _corigode _d3 _encip _f19 _gy-gencatlg |
||
| 942 |
_2ddc _cBK _h322.4209541409041 _iHEE/N _k322.4209541409041 _mHEE/N |
||
| 999 |
_c43781 _d43781 |
||